| 000 | 00753nam a2200253Ia 4500 | ||
|---|---|---|---|
| 003 | OSt | ||
| 005 | 20220928110152.0 | ||
| 006 | a|||||r|||| 00| 0 | ||
| 007 | ta | ||
| 008 | 220927b |||||||| |||| 00| 0 hin d | ||
| 020 | _cINR 695.00 | ||
| 024 | _a139715 | ||
| 037 |
_b2567, 25/02/2019, Kiran Book Service _cTextual |
||
| 040 |
_aSDCL _cSDCL _bhin |
||
| 041 |
_2hin _ahin |
||
| 082 | _aO152,6N60w,1, Q3 | ||
| 100 | _aBechain Sheoraj Singh | ||
| 245 | 0 | _aMera bachpan mere kandho par | |
| 260 |
_aNew Delhi _bVani prakashan _c2013 |
||
| 300 |
_a439p. _ccm. |
||
| 650 |
_aHindi _9391598 |
||
| 942 |
_hO152,6N60w,1, Q3 _cTEXL _2CC |
||
| 999 |
_c734378 _d734378 |
||